| 000 | 00803nam a22002175i 4500 | ||
|---|---|---|---|
| 001 | 53371 | ||
| 003 | ES-MaACL | ||
| 005 | 20250723100701.0 | ||
| 007 | t| | ||
| 008 | 950922s1895 sp ||||1| spa d | ||
| 040 |
_aCAM _bspa _cCAM |
||
| 100 | 1 |
_aEscribano y García, Víctor. _947645 |
|
| 245 | 1 | 0 |
_aAnatomía y patología de los apéndices del testículo / _cpor Víctor Escribano y García. |
| 260 |
_aMadrid : _b[s.n.], _c1895 ( _fEsc. Tip. del Hospicio) |
||
| 300 |
_a68 p. : _bil. ; _c23 cm. |
||
| 500 | _aPrecede al tít.: Facultad de Medicina, tesis del doctorado. | ||
| 650 | 4 |
_aTestículos. _9147127 |
|
| 710 | 2 | 0 |
_aUniversidad de Madrid. _bFacultad de Medicina _97215 |
| 852 |
_aES-MaACL _jT-856-F-9 _z.- Enc. en un vol. facticio conservando la enc. original |
||
| 999 |
_c53371 _d53371 |
||